000 00569nam a22001455i 4500
001 161543
003 ES-MaACL
005 20230906212316.0
008 981002s1876 sp |||| | spa d
040 _aCLM
_bspa
_cCCPB | 3D
245 0 0 _aPatogenesias abreviadas de los medicamentos homeopáticos más usuales ó Exposición de los efectos que cada uno de ellos determina en el organismo sano.
260 _aMadrid :
_b[s.n.],
_c1876 (
_fImp., estereotipia y galvanoplastia de Aribau y Cª.)
300 _a264 p. ;
_c15 cm.
852 _aES-MaACL
_jF-2189
_z-- Enc. hol.
999 _c161543
_d161543